000 00403nam a2200145Ia 4500
008 151021s9999 xx 000 0 und d
020 _a9.7807645419e+012
050 _aTK 5105.8 .C57 G55 2004
245 _a_CCNA for Dummies / Ron Gilster
260 _aNew Jersey : Wiley , 2004
300 _axx,406 p.
500 _aIncludes index
650 _a_Networking
980 _a^d20120120 09:43:04^oanne
999 _c8600
_d8600